000 00241nam a2200097Ia 4500
001 659128
005 20250826154649.0
008 250824s9999 xx 000 0 und d
245 0 _aKÜÇÜK MUCİZELER DÜKKANI
_cDEBBI MACOMBER
260 _bMARTI
999 _c659128
_d659128